| 000 | 00657nam a22001937a 4500 | ||
|---|---|---|---|
| 005 | 20240614124423.0 | ||
| 010 | _aENG-140615 | ||
| 020 |
_c869.00 _a9789357059718 |
||
| 035 | _aEN-124147 | ||
| 037 | _bDBAD | ||
| 082 |
_a005.8 _28 |
||
| 100 |
_aStallings, William _967519 |
||
| 245 |
_aCryptography and Network Security: _bPrinciples and Practice/ _cBy William Stallings |
||
| 250 | _a8 | ||
| 260 |
_aNoida _bPearson India Education Pvt Ltd _c2024 |
||
| 270 |
_a1st Floor, Berger Tower, Plot No. C-001/2, Sector 16B _bNoida _e201301 _mcompanysecretary.india@pearson.com |
||
| 300 |
_a832p. _c23cm(pbk) |
||
| 942 |
_2ddc _cEN _h005.8 _mSTA _e8 |
||
| 999 |
_c203607 _d203607 |
||